Catálogo público

Rust fungi on legumes and composites in North America / (Record no. 201234)

MARC details
000 -CABECERA
campo de control de longitud fija 00804nam a2200265Ia 4500
001 - NÚMERO DE CONTROL
campo de control Para_2776
003 - IDENTIFICADOR DEL NÚMERO DE CONTROL
campo de control CHAP
008 - DATOS DE LONGITUD FIJA--INFORMACIÓN GENERAL
campo de control de longitud fija 220125s1978 xx 000 0 und d
010 ## - NÚMERO DE CONTROL DE LA BIBLIOTECA DEL CONGRESO
Número de control de LC 201234
040 ## - FUENTE DE LA CATALOGACIÓN
Centro/agencia transcriptor CHAP
082 ## - NÚMERO DE LA CLASIFICACIÓN DECIMAL DEWEY
Número de clasificación PA 589.225 C85
100 ## - ENTRADA PRINCIPAL--NOMBRE DE PERSONA
Nombre de persona Cummins, George Baker
9 (RLIN) 30429
245 ## - MENCIÓN DE TÍTULO
Título Rust fungi on legumes and composites in North America /
Mención de responsabilidad, etc. by George Baker Cummins
260 ## - PUBLICACIÓN, DISTRIBUCIÓN, ETC.
Lugar de publicación, distribución, etc. Tucson, Arizona :
Nombre del editor, distribuidor, etc. University of Arizona
300 ## - DESCRIPCIÓN FÍSICA
Extensión 424 p.
650 ## - PUNTO DE ACCESO ADICIONAL DE MATERIA--TÉRMINO DE MATERIA
Término de materia o nombre geográfico como elemento de entrada Uredinales Legumbres
Subdivisión general Enfermedades por hongos Compuestas
-- Enfermedades
9 (RLIN) 166111
710 ## - PUNTO DE ACCESO ADICIONAL--NOMBRE DE ENTIDAD CORPORATIVA
Nombre de entidad corporativa o nombre de jurisdicción como elemento de entrada University of Arizona
9 (RLIN) 116686
901 ## - ELEMENTOS DE DATOS A LOCAL LDA (RLIN)
a PA 589.225 C85
902 ## - ELEMENTOS DE DATOS B LOCAL, LDB (RLIN)
a A
905 ## - ELEMENTOS DE DATOS E LOCAL, LDE (RLIN)
a 0000001978 TUC 0000000000 00
910 ## - DATOS DE OPCIÓN DEL USUARIO (OCLC)
Datos de opción del usuario 1978
942 ## - ELEMENTOS DE PUNTO DE ACCESO ADICIONAL (KOHA)
Tipo de ítem Koha Parasitologia_
942 ## - ELEMENTOS DE PUNTO DE ACCESO ADICIONAL (KOHA)
Tipo de ítem Koha Parasitologia_
-- 1
Holdings
Estado de retiro Estado de pérdida Fuente del sistema de clasificación o colocación Estado dañado Restricciones de uso No para préstamo Código de colección Localización permanente Ubicación/localización actual Fecha de adquisición Información codificada de la localización en otra ubicación Número de inventario Total de préstamos Renovaciones totales Signatura topográfica completa Código de barras Fecha visto por última vez Fecha del último préstamo Número de copia Precio válido a partir de Tipo de ítem Koha Nota pública
    Dewey Decimal Classification   Préstamo interno   General Parasitologia Agricola Parasitologia Agricola 27/10/2005 PARA (PA_293) (No. UACh C/E) 8 8 PA 589.225 C85 4102000632 13/02/2023 27/01/2023 Ej.1 25/01/2022 Libro 3